| 000 -LEADER |
| fixed length control field |
00465cam a22001337a 4500 |
| 020 ## - INTERNATIONAL STANDARD BOOK NUMBER |
| ISBN |
971220037X |
| 040 ## - CATALOGING SOURCE |
| Transcribing agency |
DLC |
| 082 ## - DEWEY DECIMAL CLASSIFICATION NUMBER |
| Classification number |
633 INT 1993 A052 Co. |
| 100 1# - MAIN ENTRY--AUTHOR NAME |
| Personal name |
Rola, Agnes C. |
| 245 10 - TITLE STATEMENT |
| Title |
Pesticides, rice productivity, and farmers' health : |
| Remainder of title |
an economic assessment / |
| 260 ## - PUBLICATION, DISTRIBUTION, ETC. (IMPRINT) |
| Place of publication |
Manila, Philippines : |
| Name of publisher |
International Rice Research Institute ; |
| Place of publication |
Washington, D.C., USA : |
| Name of publisher |
World Resources Institute, |
| Year of publication |
1993. |
| 300 ## - PHYSICAL DESCRIPTION |
| Number of Pages |
100 p. : |
| Other physical details |
ill. ; |
| Dimensions |
23 cm. |
| 942 ## - ADDED ENTRY ELEMENTS (KOHA) |
| Koha item type |
សៀវភៅភាសាអង់គ្លេស |
| 952 ## - LOCATION AND ITEM INFORMATION (KOHA) |
| Withdrawn status [LOCAL, KOHA] |
0 |